00307nam a2200109Ia 4500008004100000082000800041100001500049245001700064942000600081952009500087999001500182240331s9999 xx 000 0 und d bJEY aJeyamohan, 0aMudhalsuvadu cL 001040708LaWERCLbWERCLcSSCd2024-03-31l0o 809 JEYp1963r2024-03-31w2024-03-31yL c4593d4593